|
|
|
|
| LEADER |
00000nas a2200000 i 4500 |
| 001 |
ssj0000547964 |
| 003 |
WaSeSS |
| 005 |
20200512172242.0 |
| 006 |
m d |
| 007 |
cr n |
| 008 |
110615c20099999ii fr pos 0 0eng c |
| 010 |
|
|
|a 2011261103
|
| 015 |
|
|
|a GBB443517
|2 bnb
|
| 016 |
7 |
|
|a 016566224
|2 Uk
|
| 022 |
|
|
|a 0976-3465
|l 0975-0878
|y 0975-0878
|
| 035 |
|
|
|a (WaSeSS)ssj0000547964
|
| 037 |
|
|
|b Sage Publications India Pvt. Ltd., B-1/I-1 Mohan Cooperative Industrial Estate, Mathura Rd, Post Bag 7 New Delhi, 110 044 India
|
| 040 |
|
|
|a HNK
|b eng
|e pn
|c HNK
|d HNK
|d OCLCQ
|d OCLCF
|d OCLCO
|d OCL
|d OCLCO
|d TXA
|d OCLCO
|d OCL
|d OCLCQ
|d NLE
|d KSU
|d UKMGB
|d VT2
|d UAB
|d U3W
|d WaSeSS
|
| 042 |
|
|
|a pcc
|
| 043 |
|
|
|a f------
|
| 050 |
1 |
4 |
|a DT1
|b .I5117
|
| 245 |
0 |
0 |
|a Insight on Africa
|h [electronic resource].
|
| 260 |
|
|
|3 2009- :
|a New Delhi, India :
|b MD Publications Pvt. Ltd,
|c [2009]-
|
| 260 |
3 |
|
|3 <2013-> :
|a [New Delhi, India] :
|b SAGE Publications
|
| 310 |
|
|
|a Semiannual
|
| 362 |
1 |
|
|a Began with: Vol. 1, no. 1 (January/June 2009).
|
| 500 |
|
|
|a Journal of contemporary African affairs.
|
| 506 |
|
|
|a License restrictions may limit access.
|
| 550 |
|
|
|a Journal of the African Studies Association of India (ASA).
|
| 588 |
|
|
|a Description based on: Vol. 1, no. 1 (January/June 2009); title from title information screen (ProQuest, viewed June 16, 2011).
|
| 588 |
|
|
|a Latest issue consulted: Volume 7, issue 2 (July 2015) (SAGE, viewed August 20, 2015).
|
| 648 |
|
7 |
|a 1900-1999
|2 fast
|
| 650 |
|
7 |
|a Politics and government
|2 fast
|0 (OCoLC)fst01919741
|
| 651 |
|
0 |
|a Africa
|v Periodicals.
|
| 651 |
|
0 |
|a Africa
|x Politics and government
|y 20th century
|v Periodicals.
|
| 651 |
|
7 |
|a Africa.
|2 fast
|0 (OCoLC)fst01239509
|
| 655 |
|
0 |
|a Electronic journals.
|
| 710 |
2 |
|
|a African Studies Association of India.
|
| 776 |
0 |
8 |
|i Print version:
|t Insight on Africa
|x 0975-0878
|w (DLC) 2009347412
|w (OCoLC)500961107
|
| 856 |
4 |
0 |
|z Full text available from Research Library: 01/01/2010 to 07/31/2016
|u https://search.proquest.com/publication/506340
|